000 00738nam a22002177a 4500
999 _c20820
_d20820
003 AR-CdUCM
008 190606b ||||| |||| 00| 0 spa d
040 _aMUNICIPALIDAD PROVINCIAL DEL CUSCO
_cBIBLIOTECA MUNICIPAL DEL CUSCO
082 _a918.5 /
_bS21
100 _aSantillana Cantella, Tomas
_943489
245 _aLos viajes de Raimondi /
260 _aLima :
_bOxy,
_c1989.
300 _a219 páginas ;
_bIlustraciones, mapas
_c33 cm.
440 _aOccidental petroleum corporation of Peru
_943490
505 _aContenido : Provincias visitadas -- Lima -- Canta -- Huaral -- Chancay...
650 _aGeografía
_9318
650 _aProvincias visitadas
_943491
650 _aBiografía
_922
942 _2ddc
_cLIBROS
945 _arcc